header

The muzzled muse (Record no. 1441)

MARC details
000 -LEADER
fixed length control field 01984nam a2200433 a 4500
082 04 - DEWEY DECIMAL CLASSIFICATION NUMBER
Classification number 809/.8968
100 1# - MAIN ENTRY--AUTHOR NAME
Personal name Lange, Margreet de.
245 14 - TITLE STATEMENT
Title The muzzled muse
260 ## - PUBLICATION, DISTRIBUTION, ETC. (IMPRINT)
Place of publication Amsterdam [The Netherlands] ;
-- Philadelphia :
Name of publisher John Benjamins Pub. Co.,
Year of publication c1997.
300 ## - PHYSICAL DESCRIPTION
Number of Pages xii, 181 p.
490 1# - SERIES STATEMENT
Series statement Utrecht publications in general and comparative literature,
650 #0 - SUBJECT ADDED ENTRY--TOPICAL TERM
Topical Term Comparative literature.
Topical Term South African literature (English)
Topical Term South African literature (English)
Topical Term Afrikaans literature
Topical Term Comparative literature
Topical Term Comparative literature
Topical Term Censorship
856 40 - ELECTRONIC LOCATION AND ACCESS
Uniform Resource Identifier http://site.ebrary.com/lib/rucke/Doc?id=5004935

No items available.

© 2026 Rongo University
Contact us: librarian | system librarian | Rongo university